Регионална библиотека "Любен Каравелов" - Русе

Доклад от индустриялната коммисия (Запис номер 403945)

MARC детайли
000 -Лидер
Контролно поле с фиксирана дължина nam a22 a 4500
003 - Код на организацията, давaща контролен номер
Контролно поле BLK
005 - Дата и час на последна редакция
Контролно поле 20210406123003.0
008 - Елементи от данни с фиксирана дължина
fixed length control field 210330b bu |||||r|||| 00| | bu d
040 ## - Източник на каталожния запис
Идентификатор на билиотеката - собственик на записа BLK
041 ## - Код за език
Код за езика на текст/звукозапис или на отделно заглавие Български
Код за езика КДБФ Български
080 ## - УДК
Текстов определител УДК Стопански, индустриални и търговски предприятия. Търговски къщи, фирми. Производствени обединения. Концерни. Вж и 347. 7; 658
УДК код - определител по УДК 347.7
УДК - код + определител 347.7
139 ## - Редно поле
Редна дума Доклад от индустриялната коммисия
245 ## - Сведения за заглавието
Заглавие Доклад от индустриялната коммисия
257 ## - Страна на издаване
Страна на създаване/издаване България
260 ## - Област на издателските данни
Място на издаване, разпространение и проч. София
Година на издаване 1890
Печатница София : Държ. печатница
300 ## - Физическа характеристика
Страници 68 с.
Размери/Мащаб 25 см
380 ## - Жанр
Жанр Обществени науки
490 ## - СЕРИИ (Колекции)
9 (RLIN) 435080
Име на серия Колекция Редки и ценни издания
650 #7 - Допълнително описание по предмет – тема
9 (RLIN) 168194
Основно описание – тема или топоним Професионално образование - България
653 #7 - Ключова дума – ненормативна
9 (RLIN) 187642
Ключова дума индустриализация
653 #7 - Ключова дума – ненормативна
9 (RLIN) 194810
Ключова дума професионално образование
852 ## - Местоположение
Форматна сигнатура Рб 890
Фондова буква Редки и ценни
999 ## - СИСТЕМНИ КОНТРОЛНИ НОМЕРА
Koha biblionumber 403945
Koha biblioitemnumber 403945
942 ## - АРТИКУЛИ
Вид на библиотечния материал Книги
Скрит в OPAC Не
Периодичен библиозапис Да
944 ## - СЪЗДАВАНЕ И РЕДАКЦИЯ на ЗАПИСА
Създаване/Редакция Създаване
Дата на регистрацията/редакция 2021-03-30
Служител, извършил регистрацията/редакцията Христина Везирева
999 ## - СИСТЕМНИ КОНТРОЛНИ НОМЕРА
Koha biblioitemnumber 403945
999 ## - СИСТЕМНИ КОНТРОЛНИ НОМЕРА
Koha biblioitemnumber 403945
Наличности
Код за отписване Код за изгубен артикул Източник на класификационната схема Код за повреда Коз за рестрикции Код за отдаване Артикулен № Име на библиотеката - собственик Име на библиотеката, в която се намира в момента Статус (Текущо местоположение) Дата на вписване в системата Местоположение - отдел Цена в лева Инвентарен номер Систематично азбучна сигнатура Баркод Цена в евро Служебен тип на артикула
  Не е изгубен Universal Decimal Classification Не е повреден само за читалня Специални фондове ( старопечатни, редки и ценни, фонд М. Арнаудов) 852645 Регионална библиотека "Любен Каравелов" Русе Регионална библиотека "Любен Каравелов" Русе Редки и ценни 2021-09-17 Редки и ценни 0.04 31612 Рб 890 900000044869 0.02 Книги
Vip Innovations Ltd, Rousse, Bulgaria 2025